banner-ar

A DECADE OF ARCHITECTURAL DESIGN / (Record no. 10362)

MARC details
000 -الفاتح
حقل البيانات ثابتة الطول 00356nam a2200133Ia 4500
008 - عناصر البيانات ثابتة الطول - معلومات عامة
حقل البيانات ثابتة الطول 140319s9999 xx 000 0 eng d
040 ## - مصدر الفهرسة
وكالة الفهرسة الأصلية GCL /
وكالة النسخ GCL
082 04 - رقم تصنيف ديوى العشرى
رقم التصنيف 729
رقم المادة P D
100 1# - المدخل الرئيسى - إسم شخصى
الإسم الشخصى PAPADAKIS, ANDREAS
245 10 - بيان العنوان
العنوان A DECADE OF ARCHITECTURAL DESIGN /
بيان المسئوليه,etc PAPADAKIS, ANDREAS
260 ## - PUBLICATION, DISTRIBUTION, ETC. (IMPRINT)
تاريخ النشر أو التوزيع 1991
300 ## - الوصف المادى
التعداد 220 P
260 ## - PUBLICATION, DISTRIBUTION, ETC. (IMPRINT)
-- [S.N] :
-- ACDEMIC PRESS ،
Holdings
حالة التراجع حالة الفقد حالة تلف ليس للاعارة المكان المؤقت الموقع الحالى تاريخ الاكتساب اجمالي اﻻعارات رقم الطلب الباركود تاريخ اخر مشاهدة تاريخ تفعيل السعر نوع وعاء كوها
        مكتبة القاهرة الكبرى مكتبة القاهرة الكبرى 03/26/2014   729\P D 21057 03/26/2014 03/26/2014 كتاب
        مكتبة القاهرة الكبرى مكتبة القاهرة الكبرى 03/26/2014   729\P D 21058 03/26/2014 03/26/2014 كتاب
        مكتبة القاهرة الكبرى مكتبة القاهرة الكبرى 03/26/2014   729\P D 21059 03/26/2014 03/26/2014 كتاب

Powered By

EGPV